2000s Disney Movies - Sudden Death - Statistics

General Stats
  • This quiz has been taken 139 times
  • The average score is 4 of 12
Answers on the Grid
Answers color-coded by a green-red scale on the quiz's grid according to % correct below.
Fantasia 2000
Tangled
The Princess and the Frog
Dinosaur
Frozen
Bolt
Brother Bear
Big Hero 6
Lilo & Stitch
Shrek
Treasure Planet
Winnie the Pooh
Atlantis: The Lost Empire
Meet the Robinsons
Aladdin
Tarzan
The Emperor's New Groove
Home on the Range
Mulan
Chicken Little
 
Answer Stats
Answer % Correct
Fantasia 2000
63%
The Princess and the Frog
46%
Lilo & Stitch
44%
Brother Bear
37%
Bolt
33%
Treasure Planet
33%
Chicken Little
32%
Meet the Robinsons
32%
The Emperor's New Groove
32%
Atlantis: The Lost Empire
30%
Dinosaur
28%
Home on the Range
27%
No matching quizzes found
Score Distribution
Percent of People with Each Score
Percentile by Number Answered
Your Score History
You have not taken this quiz